[Event "Muensterland Verbandsklasse-B 0506"]
[Site "Germany"]
[Date "2006.05.06"]
[Round "9.6"]
[White "Kadenbach, Wolfgang"]
[Black "Te Sligte, Bert"]
[Result "1/2-1/2"]
[WhiteElo "1787"]
[BlackElo "1817"]
[PlyCount "100"]
[EventDate "2005.09.03"]
[EventType "team"]
[EventRounds "9"]
[EventCountry "GER"]
[SourceTitle "EXT 2006"]
[Source "ChessBase"]
[SourceDate "2005.11.24"]
[SourceVersion "1"]
[SourceVersionDate "2005.11.24"]
[SourceQuality "1"]
[WhiteTeam "Raesfeld Erle"]
[BlackTeam "Stadtlohn"]
[WhiteTeamCountry "GER"]
[BlackTeamCountry "GER"]

1. d4 Nf6 2. c4 e6 3. Nc3 d5 4. Bg5 Be7 5. e3 0-0 6. Rc1 c6 7. Nf3 Nbd7 8. Bd3 dxc4 9. Bxc4 Nd5 10. Bxe7 Qxe7 11. 0-0 Nxc3 12. Rxc3 e5 13. Nxe5 Nxe5 14. dxe5 Qxe5 15. f4 Qe7 16. f5 Qe5 17. e4 b6 18. Qh5 a5 19. Qh4 b5 20. f6 Kh8 21. fxg7+ Qxg7 22. Bb3 Be6 23. Rf6 Rg8 24. Rg3 Qf8 25. Rxg8+ Kxg8 26. Qg3+ Qg7 27. Bxe6 Qxg3 28. hxg3 fxe6 29. Rxe6 Rd8 30. Rxc6 Rd2 31. Ra6 a4 32. b3 Rxa2 33. bxa4 bxa4 34. Kh2 a3 35. Kh3 Re2 36. Rxa3 Rxe4 37. Ra7 Rb4 38. g4 Rb3+ 39. Kh4 Rb4 40. g3 Rc4 41. Kh5 Rc5+ 42. g5 Rb5 43. Re7 Rb6 44. Kg4 Rb5 45. Kf4 Ra5 46. Re5 Ra6 47. Kf5 Kf7 48. Rb5 Ra7 49. Rb6 Rc7 50. Ra6 Kg7 1/2-1/2

[Event "Muensterland Verbandsklasse-B 0506"]
[Site "Germany"]
[Date "2005.09.03"]
[Round "1.7"]
[White "Kadenbach, Wolfgang"]
[Black "Bienhuels, Michael"]
[Result "0-1"]
[WhiteElo "1787"]
[BlackElo "2050"]
[PlyCount "66"]
[EventDate "2005.09.03"]
[EventType "team"]
[EventRounds "9"]
[EventCountry "GER"]
[SourceTitle "EXT 2006"]
[Source "ChessBase"]
[SourceDate "2005.11.24"]
[SourceVersion "1"]
[SourceVersionDate "2005.11.24"]
[SourceQuality "1"]
[WhiteTeam "Raesfeld Erle"]
[BlackTeam "Duelmen"]
[WhiteTeamCountry "GER"]
[BlackTeamCountry "GER"]

1. d4 Nf6 2. c4 e6 3. Nf3 c5 4. d5 exd5 5. cxd5 d6 6. Nc3 g6 7. e4 Bg7 8. Bd3 Bg4 9. h3 Bxf3 10. Qxf3 0-0 11. 0-0 a6 12. a4 Nbd7 13. Bf4 Qc7 14. Rac1 Rab8 15. Rfe1 Rfe8 16. b4 c4 17. Bxc4 Qxc4 18. Bxd6 Ne5 19. Qe2 Qxe2 20. Rxe2 Rbc8 21. f4 Nd3 22. Rcc2 Nh5 23. Red2 Ne1 24. e5 Nxc2 25. Rxc2 Nxf4 26. Bc5 Rxe5 27. d6 Re1+ 28. Kh2 b6 29. d7 Rd8 30. Bxb6 Rxd7 31. Nd5 Rxd5 32. Rc8+ Bf8 33. Bc5 Ne6 0-1

[Event "Muensterland Verbandsklasse-B 0405"]
[Site "Muensterland"]
[Date "2005.03.19"]
[Round "8.7"]
[White "Kadenbach, Wolfgang"]
[Black "Pusch, Herbert"]
[Result "1-0"]
[WhiteElo "1765"]
[BlackElo "1635"]
[PlyCount "81"]
[EventDate "2004.09.11"]
[EventType "team"]
[EventRounds "9"]
[EventCountry "GER"]
[SourceTitle "EXT 2006"]
[Source "ChessBase"]
[SourceDate "2005.11.24"]
[SourceVersion "1"]
[SourceVersionDate "2005.11.24"]
[SourceQuality "1"]
[WhiteTeam "Raesfeld Erle"]
[BlackTeam "Stadtlohn"]
[WhiteTeamCountry "GER"]
[BlackTeamCountry "GER"]

1. d4 g6 2. e4 Bg7 3. c4 d6 4. Nc3 Nf6 5. f4 0-0 6. Nf3 e6 7. Bd3 c6 8. 0-0 Nbd7 9. e5 dxe5 10. dxe5 Ne8 11. Be3 b6 12. g4 f5 13. g5 c5 14. h4 Kf7 15. Qd2 Qe7 16. Rad1 Nc7 17. a3 Rd8 18. Qh2 Bb7 19. h5 Bc6 20. Nh4 a6 21. Be2 Rh8 22. Rd6 Bb7 23. Rfd1 Rad8 24. Na4 Ne8 25. R6d2 Bc6 26. Nxb6 Nc7 27. Nxd7 Rxd7 28. Qf2 Rxd2 29. Rxd2 Bf8 30. Bf3 Qe8 31. Bxc5 Bxf3 32. Nxf3 Qc6 33. Bxf8 Rxf8 34. hxg6+ hxg6 35. Qe2 Rc8 36. Qd3 Qc5+ 37. Kg2 Qe7 38. Qd6 a5 39. Qc6 Rd8 40. Rd6 Qe8 41. Qxc7+ 1-0

[Event "Muensterland Verbandsklasse-B 0405"]
[Site "Muensterland"]
[Date "2005.01.22"]
[Round "5.7"]
[White "Dieckmann, Werner"]
[Black "Kadenbach, Wolfgang"]
[Result "1/2-1/2"]
[WhiteElo "1849"]
[BlackElo "1765"]
[PlyCount "49"]
[EventDate "2004.09.11"]
[EventType "team"]
[EventRounds "9"]
[EventCountry "GER"]
[SourceTitle "EXT 2006"]
[Source "ChessBase"]
[SourceDate "2005.11.24"]
[SourceVersion "1"]
[SourceVersionDate "2005.11.24"]
[SourceQuality "1"]
[WhiteTeam "Telgte"]
[BlackTeam "Raesfeld Erle"]
[WhiteTeamCountry "GER"]
[BlackTeamCountry "GER"]

1. d4 d5 2. Nf3 Nf6 3. Bf4 c6 4. Nbd2 Bf5 5. e3 Nbd7 6. Be2 Qb6 7. b3 e6 8. 0-0 Ba3 9. Ne5 0-0 10. Bd3 Bxd3 11. Nxd3 c5 12. dxc5 Nxc5 13. Nxc5 Qxc5 14. c4 d4 15. Nf3 dxe3 16. Bxe3 Qc7 17. Qe2 Rfd8 18. Rad1 a6 19. Rxd8+ Rxd8 20. Bd4 Be7 21. Re1 Ng4 22. Qe4 Nf6 23. Qe2 Ng4 24. Qe4 Nf6 25. Qe2 1/2-1/2

[Event "Muensterland Verbandsklasse-B 0405"]
[Site "Muensterland"]
[Date "2004.10.02"]
[Round "2.7"]
[White "Kadenbach, Wolfgang"]
[Black "Hoenig, Juergen"]
[Result "1-0"]
[WhiteElo "1765"]
[BlackElo "1823"]
[PlyCount "95"]
[EventDate "2004.09.11"]
[EventType "team"]
[EventRounds "9"]
[EventCountry "GER"]
[SourceTitle "EXT 2006"]
[Source "ChessBase"]
[SourceDate "2005.11.24"]
[SourceVersion "1"]
[SourceVersionDate "2005.11.24"]
[SourceQuality "1"]
[WhiteTeam "Raesfeld Erle"]
[BlackTeam "Steinfurt"]
[WhiteTeamCountry "GER"]
[BlackTeamCountry "GER"]

1. d4 Nf6 2. c4 c5 3. d5 e6 4. Nc3 exd5 5. cxd5 d6 6. e4 g6 7. Nf3 Bg7 8. Bd3 Bg4 9. h3 Bxf3 10. Qxf3 0-0 11. 0-0 a6 12. a4 Re8 13. Bf4 Qe7 14. Rfe1 Nbd7 15. Rac1 Nh5 16. Be3 Ne5 17. Qe2 Nxd3 18. Qxd3 Qd7 19. g4 Nf6 20. Bf4 Qc7 21. Qg3 Red8 22. e5 dxe5 23. Bxe5 Qb6 24. Bc7 Qxb2 25. Bxd8 Rxd8 26. Qc7 Rd7 27. Qxc5 Bf8 28. Qc8 h6 29. Rcd1 Kg7 30. Ne4 Nxe4 31. Rxe4 Qb3 32. Red4 Rd6 33. Kg2 Rf6 34. R4d3 Qxa4 35. Qxb7 Bd6 36. Rd4 Qa2 37. R1d2 Qa1 38. Qb3 Qe1 39. Qe3 Qa1 40. Rc4 g5 41. Rc6 a5 42. Rc8 Qa4 43. Rc6 Qb4 44. Rdc2 a4 45. R2c4 Qb5 46. Qd4 Kg6 47. Rxa4 Qe2 48. Qe4+ 1-0